Κατάλογος Βιβλιοθηκών Mediterranean College

Σύγχρονη Διοικητική των Επιχειρήσεων / Modern Business Management (Record no. 2160)

MARC details
000 -LEADER
fixed length control field 02080cam a22002054a 4500
005 - ΗΜΕΡΟΜΗΝΙΑ ΚΑΙ ΩΡΑ ΤΕΛΕΥΤΑΙΑΣ ΕΝΗΜΕΡΩΣΗΣ
Πεδίο ελέγχου 20250605164032.0
008 - FIXED-LENGTH DATA ELEMENTS--GENERAL INFORMATION
Πεδίο ελέγχου σταθερού μήκους 250528s ||||||||||||||||||||||||d
035 ## - SYSTEM CONTROL NUMBER
System control number 16685
020 ## - ISBN
ISBN 9607344170
040 ## - ΠΗΓΗ ΚΑΤΑΛΟΓΟΓΡΑΦΗΣΗΣ
Φορέας πρωτότυπης καταλογογράφησης MC Athens Campus Library
Γλώσσα καταλογογράφησης Ελληνικά, Μοντέρνα (1453-)
Modifying agency MC Athens Campus Library
Κανόνες περιγραφικής καταλογογράφησης AACR2
245 1# - ΤΙΤΛΟΣ ΚΑΙ ΔΗΛΩΣΗ ΥΠΕΥΘΥΝΟΤΗΤΑΣ
Τίτλος Σύγχρονη Διοικητική των Επιχειρήσεων / Modern Business Management
260 ## - PUBLICATION, DISTRIBUTION, ETC.
Name of publisher, distributor, etc. Σύγχρονη Εκδοτική,
Date of publication, distribution, etc. 1993
300 ## - PHYSICAL DESCRIPTION
Extent 456
505 0# - FORMATTED CONTENTS NOTE
Formatted contents note Πρόλογος, Εισαγωγή, Διακρίσεις των Επιχειρήσεων, Πολυεθνικές Επιχειρήσεις, Συνασπισμοί Επιχειρήσεων, Το Επιχειρηματικό Περιβάλλον, Η Κοινωνική Ευθύνη της Επιχείρησης, Διοίκηση και Διοικητική, Προγραμματισμός, Λήψη Αποφάσεων, Οργάνωση, Εξουσία, Εξουσιοδότηση, Αποκέντρωση, Συλλογική Άσκηση Αρμοδιότητας και Επιτροπές, Βασικές Λειτουργίες της Επιχείρησης, Επικοινωνία, Στελέχωση, Διεύθυνση και Ηγεσία, Έλεγχος.
520 ## - SUMMARY, ETC.
Summary, etc. Πρόλογος, Εισαγωγή, Διακρίσεις των Επιχειρήσεων, Πολυεθνικές Επιχειρήσεις, Συνασπισμοί Επιχειρήσεων, Το Επιχειρηματικό Περιβάλλον, Η Κοινωνική Ευθύνη της Επιχείρησης, Διοίκηση και Διοικητική, Προγραμματισμός, Λήψη Αποφάσεων, Οργάνωση, Εξουσία, Εξουσιοδότηση, Αποκέντρωση, Συλλογική Άσκηση Αρμοδιότητας και Επιτροπές, Βασικές Λειτουργίες της Επιχείρησης, Επικοινωνία, Στελέχωση, Διεύθυνση και Ηγεσία, Έλεγχος.
700 1# - ΠΡΟΣΘΕΤΗ ΑΝΑΓΡΑΦΗ--ΦΥΣΙΚΟ ΠΡΟΣΩΠΟ
Personal name Φλώρος Χρήστος
9 (RLIN) 2773
942 ## - ADDED ENTRY ELEMENTS (KOHA)
Koha item type Books
Holdings
Τύπος τεκμηρίου Βιβλιοθήκη Τρέχουσα τοποθεσία Barcode Αριθμός εισαγωγής Ημερομηνία απόκτησης Ταξιθετικό σύμβολο Αριθμός αντιτύπου Κατάσταση απόσυρσης Κατάσταση χαμένου Κατάσταση κατεστραμμένου Μη δανεισμός Σύνολο δανεισμών Ημερομηνία τελευταίας εμφάνισης Η τιμή ισχύει από
Books MC Athens Campus Library MC Athens Campus Library 9780000021595 4890 05/06/2025 658 FLO 2           05/06/2025 05/06/2025

MC Athens Campus Library
Πατησίων 94 & Κοδριγκτώνος 13, 104 34
Πελλήνης 8 & Πατησίων 107, 112 51
Τ: +30 210 8899600

MC Thessaloniki Campus Library
Ίωνος Δραγούμη 21, 54625 | Ίωνος Δραγούμη 15, 54625
Τ: +30 2310 287779 – Τ: +30 2314 440300